[Event "TexOhma Novice op"]
[Site "Dallas"]
[Date "2000.01.15"]
[Round "2"]
[White "Beale, Elissa E"]
[Black "Esteva, Andrew"]
[Result "0-1"]
[WhiteElo "797"]
[BlackElo "1237"]
[PlyCount "102"]
[EventDate "2000.01.15"]
[EventType "swiss"]
[EventRounds "5"]
[EventCountry "USA"]
[SourceTitle "EXT 2002"]
[Source "ChessBase"]
[SourceDate "2001.11.25"]
[SourceVersion "1"]
[SourceVersionDate "2001.11.25"]
[SourceQuality "1"]

1. d4 c5 2. d5 e6 3. e4 exd5 4. exd5 d6 5. Bb5+ Bd7 6. Bxd7+ Nxd7 7. Nc3 Ngf6 8. Qe2+ Qe7 9. Nf3 Qxe2+ 10. Nxe2 Nxd5 11. 0-0 Be7 12. c4 N5b6 13. b3 0-0 14. Re1 Bf6 15. Rb1 Rfe8 16. Bf4 d5 17. cxd5 Nxd5 18. Bg5 Bxg5 19. Nxg5 Nb4 20. Nc3 Nd3 21. Rxe8+ Rxe8 22. Rd1 Nf6 23. h3 Nb4 24. Rd2 h6 25. Nf3 Nc6 26. Nd5 Nxd5 27. Rxd5 b6 28. Rd6 Nb4 29. a3 Nc2 30. a4 Na1 31. Nd2 Re1+ 32. Kh2 Rd1 33. Rd8+ Kh7 34. Rd7 Kg6 35. Kg3 Nxb3 36. Rxa7 Rxd2 37. Rb7 Rd6 38. Kf4 Na5 39. Rc7 Kf6 40. g4 Rd4+ 41. Kg3 Rxa4 42. Ra7 Rd4 43. f3 c4 44. Kf2 c3 45. Ke3 Rd6 46. Ke2 c2 47. Rc7 Rc6 48. Rd7 c1Q 49. Kf2 Qc2+ 50. Ke3 Rc3+ 51. Kd4 Qd3# 0-1